Statistics for Historical Battles

Click here to take the quiz!

General Stats

  • This quiz has been taken 42 times
  • The average score is 10 of 17

Answer Stats

DateHintAnswer% Correct
6 June 1944Famous Landing Battle in France. Battle of_____________Normandy
90%
18 June 1815Where Duke Wellington Beat Napoleon. Battle of __________Waterloo
90%
July 1 1863Battle during The American Civil War and was considered the turning Point of the War. Battle Of __________Gettysburg
88%
21 October 1805Where did Admiral Nelson Beat the french navy . Battle Of ____________Trafalgar
83%
14 October 1066The Beginning of The Norman Invasion. Battle Of __________Hastings
80%
1941-144Russian City Siege in 1941-44 where 4.5 million people died. Battle of _______________Leningrad
80%
23 October – 11 November 1942Where the Allied Forces beat Rommel and pushed back the Afrika Korps. Second Battle Of ___________El Alamein
73%
480 BCBattle Between the Persians And Spartans at the Battle of _________Thermopylae
73%
April 1 – June 22, 1945One of the Final Battles in the Island Hopping Campaign. Battle of _________Okinawa
70%
12 September 1683Battle Between the Ottamans against HRE and Poland where the Largest Cavalry Charge took Place. Battle of _________Vienna
60%
30 November 1939 – 13 March 1940Battle Between the Soviet Red Army Against Finnish Forces ._________ ____Winter War
60%
July–August 1588Naval Battle Between the English and Spanish. Battle of The _________Armada
48%
September (28) 480 BC.Naval Battle where 371 Greek ships destroyed 300-600 boats. Battle of____________Salamis
45%
23–24 June 1314Where Robert The Bruce and Scots Fought the English During the War of Scottish Independence. Battle of______________Bannockburn
35%
19 April 1775First Battles in the American Revolutionary War . Battles of___________ _____ ______________Lexington and Concord
35%
26 December 1776The Battle In American Revolutionary War where Washington crossed the Delaware. Battle of __________Trenton
35%
256 BC.Romes First Major Victory against Carthage in The First Punic War. Battle of ____________________Cape Encomus
3%

Score Distribution

Percentile by Number Answered

Percent of People with Each Score

Your Score History

You have not taken this quiz